Statistics for Airports that serve the A380s (2023)

Click here to take the quiz!

General Stats

  • This quiz has been taken 126 times
    (95 since last reset)
  • The average score is 36 of 52

Answer Stats

ContinentAirport% Correct
EuropeLondon Heathrow Airport (LHR) - London, United Kingdom
98%
EuropeLondon Gatwick Airport (LGW) - Gatwick, United Kingdom
96%
OceaniaSydney Kingsford Smith Airport (SYD) - Sydney, Australia
95%
AsiaDubai International Airport (DXB) - Dubai, UAE
93%
AsiaHong Kong International Airport (HKG) - Chek Lap Kok, Hong Kong
91%
AsiaShanghai Pudong International Airport (PVG) - Shanghai, China
91%
AsiaAbu Dhabi International Airport (AUH) - Abu Dhabi, UAE
88%
EuropeFrankfurt Airport (FRA) - Frankfurt, Germany
86%
North AmericaLos Angeles International Airport (LAX) - Los Angeles, United States
86%
OceaniaMelbourne International Airport (MEL) - Melbourne, Australia
86%
EuropeParis Charles-de-Gaulle Airport (CDG) - Paris, France
86%
AsiaSingapore Changi Airport (SIN) - Singapore, Singapore
86%
AsiaHamad International Airport (DOH) - Doha, Qatar
84%
Asia/EuropeIstanbul Airport (IST) - Istanbul, Turkey
84%
AsiaTokyo Narita International Airport (NRT) - Chiba, Japan
84%
EuropeAdolfo Suárez Madrid-Barajas Airport - Madrid, Spain
82%
North AmericaJohn F. Kennedy International Airport (JFK) - New York City, United States
82%
OceaniaAuckland Airport (AKL) - Auckland, New Zealand
81%
AsiaKuala Lumpur International Airport (KUL) - Selangor, Malaysia
81%
AsiaSeoul-Incheon International Airport (ICN) - Incheon, South Korea
81%
North AmericaSan Francisco International Airport (SFO) - San Francisco, United States
79%
EuropeDomodedovo Airport (DME) - Moscow, Russia
77%
AsiaSuvarnabhumi Airport (BKK) - Samut Prakan, Thailand
77%
EuropeRome-Fiumicino International Airport (FCO) - Rome, Italy
75%
OceaniaPerth Airport (PER) - Perth, Australia
74%
EuropeAmsterdam Schiphol Airport (AMS) - Schiphol, Netherlands
72%
EuropeMilan Malpensa Airport (MXP) - Ferno, Italy
72%
EuropeMunich International Airport (MUC) - Munich, Germany
72%
North AmericaDallas/Fort Worth International Airport (DFW) - Dallas, United States
70%
North AmericaMiami International Airport (MIA) - Miami, United States
70%
AsiaGuangzhou Baiyun International Airport (CAN) - Guangzhou, China
68%
OceaniaBrisbane Airport (BNE) - Brisbane, Australia
67%
AfricaO.R. Tambo International Airport (JNB) - Kempton Park, South Africa
67%
AfricaCairo International Airport (CAI) - Cairo, Egypt
65%
North AmericaChicago O'Hare International Airport (ORD) - Chicago, United States
65%
North AmericaGeorge Bush Intercontinental Airport (IAH) - Houston, United States
65%
EuropeManchester Airport (MAN) - Manchester, United Kingdom
63%
North AmericaVancouver International Airport (YVR) - Richmond, Canada
61%
EuropeZurich Airport (ZRH) - Zurich, Switzerland
61%
AsiaChhatrapati Shivaji Maharaj International Airport (BOM) - Mumbai, India
60%
North AmericaWashington Dulles International Airport (IAD) - Dulles, United States
60%
North AmericaToronto Pearson International Airport (YYZ) - Mississauga, Canada
58%
North AmericaGeneral Edward Lawerence Logan International Airport (BOS) - Boston, United States
56%
South AmericaSão Paulo/Guarulhos International Airport - Guarulhos, Brazil
56%
OceaniaChristchurch International Airport (CHC) - Christchurch, New Zealand
51%
AsiaTaiwan Taoyuan International Airport (TPE) - Taoyuan City, Taiwan
51%
AsiaKing Abdulaziz International Airport (JED) - Jeddah, Saudi Arabia
46%
EuropeDüsseldorf International Airport (DUS) - Düsseldorf, Germany
40%
AfricaSir Seewoosagur Ramgoolam International Airport (MRU) - Plaine Magnien, Mauritius
39%
OceaniaDaniel K. Inouye International Airport (HNL) - Honolulu, United States
26%
AsiaKempegowda International Airport (BLR) - Bangalore, India
19%
AsiaQueen Alia International Airport (AMM) - Zizya, Jordan
19%

Score Distribution

Percentile by Number Answered

Percent of People with Each Score

Your Score History

You have not taken this quiz since the last reset